¡Te lo he dicho 100 veces! / (Record no. 172954)

MARC details
000 -CABECERA
campo de control de longitud fija 00666nam a2200217 u 4500
005 - FECHA Y HORA DE LA ÚLTIMA TRANSACCIÓN
campo de control 20240228064158.0
008 - ELEMENTOS DE LONGITUD FIJA--INFORMACIÓN GENERAL
campo de control de longitud fija 141121s2006 r 000 0 eng d
020 ## - NÚMERO INTERNACIONAL NORMALIZADO PARA LIBROS
Número Internacional Estándar del Libro 9788408068419 (13 dígitos)
020 ## - NÚMERO INTERNACIONAL NORMALIZADO PARA LIBROS
Número Internacional Estándar del Libro 8408068415 (10 dígitos)
035 ## - NÚMERO DE CONTROL DEL SISTEMA
Número de control de sistema UPN01000200853
049 ## - COLECCIÓN
Colección I
050 #4 - SIGNATURA TOPOGRÁFICA DE LA BIBLIOTECA DEL CONGRESO
Número de clasificación PZ71
Número de documento/Ítem K4.8
100 1# - ASIENTO PRINCIPAL--NOMBRE PERSONAL
Nombre de persona Keselman, Gabriela,
Fechas asociadas al nombre 1953-
9 (RLIN) 31735
245 11 - MENCIÓN DE TÍTULO
Título ¡Te lo he dicho 100 veces! /
Mención de responsabilidad, etc. Gabriela Keselman ; il. Claudia Ranucci.
260 ## - PUBLICACIÓN, DISTRIBUCIÓN, ETC.
Lugar de publicación, distribución, etc. Barcelona, Esp. :
Nombre del editor, distribuidor, etc. Planeta,
Fecha de publicación, distribución, etc. 2006.
300 ## - DESCRIPCIÓN FÍSICA
Extensión [24] p. :
Otras características físicas principalmente il. col.
440 #0 - MENCIÓN DE SERIE/ASIENTO SECUNDARIO--TÍTULO
Título Destino
650 #4 - ASIENTO SECUNDARIO DE MATERIA - TERMINO TEMATICO
Término de materia o nombre geográfico como elemento de entrada Libros y lectura para niños
9 (RLIN) 2290
905 ## - TIPO DE MATERIAL
Tipo de material Infantil
Holdings
Estado de retiro Estado de pérdida Fuente del sistema de clasificación o colocación Estado dañado No para préstamo Código de colección Localización permanente Ubicación/localización actual Ubicación en estantería Fecha de adquisición Total de préstamos Clasificación Código de barras Fecha visto por última vez Número de copia Tipo de ítem Koha
    Library of Congress Classification     Infantil Bib. Gregorio Torres Quintero Bib. Gregorio Torres Quintero Sala infantil Planta baja 10/05/2023 3 PZ71 K4.8 300564 31/12/2020 1 Libro